comparison of different substrate on growth and yield of oyster mushroom ប្រៀបធៀបស៊ុបស្ត្តា្រតខុសៗគ្នាលើការលូតលាស់និងទិន្នផលដំណាំផ្សិតអំបោះ (Record no. 17959)

000 -LEADER
fixed length control field 00664nam a22001577a 4500
003 - CONTROL NUMBER IDENTIFIER
control field OSt
005 - DATE AND TIME OF LATEST TRANSACTION
control field 20190712150318.0
008 - FIXED-LENGTH DATA ELEMENTS--GENERAL INFORMATION
fixed length control field 190712b xxu||||| |||| 00| 0 eng d
040 ## - CATALOGING SOURCE
Transcribing agency RUA
082 ## - DEWEY DECIMAL CLASSIFICATION NUMBER
Classification number AGR PRI 2017 B633 Or.1
100 ## - MAIN ENTRY--PERSONAL NAME
9 (RLIN) 13625
Personal name PRIN LAK ព្រិន​ ឡាក់
245 ## - TITLE STATEMENT
Title comparison of different substrate on growth and yield of oyster mushroom ប្រៀបធៀបស៊ុបស្ត្តា្រតខុសៗគ្នាលើការលូតលាស់និងទិន្នផលដំណាំផ្សិតអំបោះ
260 ## - PUBLICATION, DISTRIBUTION, ETC. (IMPRINT)
Place of publication, distribution, etc. RUA
Name of publisher, distributor, etc. phnom penh
Date of publication, distribution, etc. 2017
300 ## - PHYSICAL DESCRIPTION
Extent x;40p
Other physical details ill;
Dimensions 29cm
942 ## - ADDED ENTRY ELEMENTS (KOHA)
Source of classification or shelving scheme
Koha item type AGR
Holdings
Price effective from Date last seen Permanent Location Not for loan Date acquired Source of classification or shelving scheme Koha item type Lost status Withdrawn status Date last checked out Total Checkouts Shelving location Damaged status Barcode Current Location Full call number
2019-07-122019-07-12Library Block B 2019-07-12 AGR    B633 A45067Library Block BAGR PRI 2017 B633 Or.1
2019-07-122020-08-10Library Block B 2019-07-12 AGR  2020-07-312B633 A45142Library Block BAGR PRI 2017 B633 Or.2
2019-07-122019-07-12Library Block B 2019-07-12 AGR    B633 A45072Library Block BAGR PRI 2017 B633 Or.3
2019-07-122024-08-02Library Block B 2019-07-12 AGR  2024-07-021B633 A45147Library Block BAGR PRI 2017 B633 Or.4
2019-07-122025-02-27Library Block B 2019-07-12 AGR  2025-02-202B633 A45129Library Block BAGR PRI 2017 B633 Or.5
មជ្ឈមណ្ឌលឯការនៃសាកលវិទ្យាល័យភូមិន្ទកសិកម្មចំការដូង

Powered by Koha